| 000 | 00454nam a2200157Ia 4500 | ||
|---|---|---|---|
| 003 | Ost | ||
| 005 | 20260225132540.0 | ||
| 008 | 260225s9999||||xx |||||||||||||| ||und|| | ||
| 040 | _cfsic | ||
| 041 | _afre | ||
| 082 | _a70.43 | ||
| 100 |
_aAdrienne corboud _eAuteur |
||
| 245 | 0 | _aInformation et régionalisation 30 ans d'évolution des médias sur la rivière lémanique et dans le chablais 1960-1990 / | |
| 245 | 0 | _cAdrienne corboud | |
| 942 | _cكتاب | ||
| 999 |
_c33455 _d33455 |
||